[Event "Satka Autumn 2019"]
[Site "Satka"]
[Date "2019.09.19"]
[Round "1.1"]
[White "Guseva, Marina"]
[Black "Svetlova, Ksenia"]
[Result "1-0"]
[WhiteElo "2374"]
[BlackElo "1875"]
[PlyCount "151"]
[EventDate "2019.09.19"]

1. d4 Nf6 2. c4 e5 3. dxe5 Ng4 4. Bf4 Nc6 5. Nf3 Bb4+ 6. Nbd2 Qe7 7. e3 Ngxe5
8. Nxe5 Nxe5 9. Be2 O-O 10. O-O Bxd2 11. Qxd2 d6 12. b4 b6 13. Rfd1 Bb7 14. Qc3
Ng6 15. Bg3 Rfd8 16. c5 dxc5 17. bxc5 Bd5 18. Rdc1 h6 19. a4 Re8 20. a5 Qg5 21.
Bf1 h5 22. h3 Re6 23. axb6 cxb6 24. cxb6 Rxb6 25. Ra5 Ne7 26. Qd4 Qf5 27. Bh4
f6 28. Rxd5 Nxd5 29. Bc4 Rd8 30. Rd1 Rb1 31. Rxb1 Qxb1+ 32. Kh2 Qb6 33. Qxb6
axb6 34. e4 b5 35. Bb3 Rc8 36. Bxd5+ Kh8 37. f4 b4 38. Bg3 Rb8 39. Bb3 Ra8 40.
e5 Ra3 41. Bf7 b3 42. Bg6 b2 43. e6 Re3 44. Bf2 Rxe6 45. Bd4 h4 46. Bxb2 Rc6
47. Bd4 Rc4 48. Be3 Kg8 49. Kg1 Kf8 50. Kf2 Ke7 51. Kf3 Rc3 52. Ke2 Rb3 53. Bf2
Rb2+ 54. Kf1 Ke6 55. Bxh4 Rb4 56. Bg3 f5 57. Bh5 Kf6 58. Bh4+ Ke6 59. Bg5 Rb3
60. Kf2 Ra3 61. Bd8 Kd7 62. Bb6 Ra6 63. Bd4 g6 64. Bf3 Ra4 65. Be3 Ra3 66. Bc5
Rc3 67. Bf8 Rc4 68. Kg3 Ke6 69. Bg7 Rc7 70. Be5 Rh7 71. Bd1 Rb7 72. Kh4 Rb1 73.
Bf3 Rb5 74. Kg5 Kf7 75. Bc6 Rc5 76. Ba4 1-0

[Event "Satka Autumn 2019"]
[Site "Satka"]
[Date "2019.09.19"]
[Round "1.3"]
[White "Borisova, Ekaterina"]
[Black "Zyapaeva, Polina"]
[Result "1-0"]
[WhiteElo "2307"]
[BlackElo "1808"]
[PlyCount "95"]
[EventDate "2019.09.19"]

1. d4 Nf6 2. c4 c5 3. d5 e5 4. Nc3 d6 5. e4 Be7 6. Bd3 Nbd7 7. Nge2 O-O 8. O-O
Ne8 9. a3 Bg5 10. Rb1 g6 11. b4 Ng7 12. Bb2 Nh5 13. Na4 b6 14. bxc5 bxc5 15.
Nac3 Nb6 16. a4 Ba6 17. Nb5 Qd7 18. Bc3 Rab8 19. Qc2 Bxb5 20. axb5 Rb7 21. Bd2
Qe7 22. Nc1 Bf4 23. Nb3 Qg5 24. g3 f5 25. Kh1 Bxd2 26. Qxd2 f4 27. f3 Qd8 28.
g4 Nf6 29. Na5 Rbf7 30. Nc6 Qd7 31. Ra1 Nc8 32. g5 Nh5 33. Qg2 Kh8 34. Rg1 Rg8
35. Bf1 h6 36. Qg4 Qc7 37. Bh3 hxg5 38. Qxg5 Rh7 39. Be6 Rgg7 40. Nxa7 Ne7 41.
Nc6 Nxc6 42. dxc6 Qb8 43. b6 Ng3+ 44. Rxg3 fxg3 45. Qxg3 Rxh2+ 46. Kxh2 Rh7+
47. Kg2 Qxb6 48. Ra8+ 1-0

[Event "Satka Autumn 2019"]
[Site "Satka"]
[Date "2019.09.19"]
[Round "1.12"]
[White "Skobochkina, Maria"]
[Black "Petrukhina, Olga"]
[Result "0-1"]
[WhiteElo "1432"]
[BlackElo "2192"]
[PlyCount "59"]
[EventDate "2019.09.19"]

1. e4 c6 2. d4 d5 3. exd5 cxd5 4. Bd3 Nc6 5. c3 Qc7 6. Nf3 Bg4 7. Nbd2 Nf6 8.
O-O e6 9. Re1 Be7 10. h3 Bh5 11. Qc2 Rc8 12. a4 O-O 13. b4 Nxb4 14. cxb4 Qxc2
15. Bxc2 Rxc2 16. b5 Rfc8 17. Ba3 Kf8 18. a5 Bxa3 19. Rxa3 Rb2 20. Nb3 Bxf3 21.
gxf3 Rcc2 22. b6 axb6 23. axb6 Nd7 24. Ra8+ Ke7 25. Re3 Nxb6 26. Rb8 Nc4 27.
Rd3 b6 28. f4 Rb1+ 29. Kg2 Rcb2 30. Re8+ 0-1

[Event "Satka Autumn 2019"]
[Site "Satka"]
[Date "2019.09.19"]
[Round "1.13"]
[White "Makarenko, Alexandra"]
[Black "Kulkova, Dina"]
[Result "1-0"]
[WhiteElo "2169"]
[BlackElo "1424"]
[PlyCount "49"]
[EventDate "2019.09.19"]

1. e4 e5 2. Nf3 Nc6 3. Bb5 a6 4. Ba4 Nf6 5. O-O Be7 6. d3 b5 7. Bb3 O-O 8. a4
Rb8 9. Re1 d6 10. c3 Na5 11. Bc2 c5 12. Nbd2 Qc7 13. h3 Bb7 14. Nf1 Rfc8 15.
Ng3 Nd7 16. Nf5 Bf8 17. axb5 axb5 18. Bg5 f6 19. Bd2 Nc6 20. Bb3+ Kh8 21. N3h4
Ne7 22. Bf7 Nxf5 23. Ng6+ hxg6 24. exf5 Qc6 25. Re4 1-0

[Event "Satka Autumn 2019"]
[Site "Satka"]
[Date "2019.09.19"]
[Round "1.14"]
[White "Aleshina, Arina"]
[Black "Loskutova, Viktoriya"]
[Result "0-1"]
[WhiteElo "1365"]
[BlackElo "2162"]
[PlyCount "92"]
[EventDate "2019.09.19"]

1. e4 c5 2. Nf3 d6 3. d4 cxd4 4. Qxd4 e5 5. Bb5+ Nd7 6. Qd3 h6 7. Nc3 Ngf6 8.
O-O Be7 9. Nd5 Nxd5 10. Qxd5 Qc7 11. Rd1 O-O 12. Bxd7 Bxd7 13. Be3 Be6 14. Qd2
Qc6 15. Re1 Bg4 16. h3 Bxf3 17. gxf3 f5 18. Qd5+ Qxd5 19. exd5 Rfc8 20. Rac1
Rc4 21. c3 Rac8 22. f4 Bf6 23. fxe5 Bxe5 24. a3 b6 25. Rf1 f4 26. Bd2 f3 27.
Rfe1 Rh4 28. Rxe5 dxe5 29. Kh2 Rc5 30. Kg3 g5 31. c4 Rhxc4 32. Rxc4 Rxc4 33.
Kxf3 Rd4 34. Bc3 Rxd5 35. Ke4 Rd1 36. Bxe5 Rh1 37. Bb8 a6 38. Ba7 b5 39. Kd5
Rxh3 40. Kc6 Rf3 41. Kb7 Rf6 42. Bd4 Re6 43. Kc7 h5 44. Kd7 Rg6 45. Be5 h4 46.
Ke7 g4 0-1

[Event "Satka Autumn 2019"]
[Site "Satka"]
[Date "2019.09.19"]
[Round "1.15"]
[White "Filippova, Darya"]
[Black "Sogoyan, Milena"]
[Result "1-0"]
[WhiteElo "2110"]
[BlackElo "1361"]
[PlyCount "81"]
[EventDate "2019.09.19"]

1. c4 c5 2. Nc3 Nc6 3. g3 g6 4. Bg2 Bg7 5. e3 e6 6. Nge2 Nge7 7. O-O O-O 8. d4
cxd4 9. Nxd4 d5 10. cxd5 Nxd4 11. exd4 Nxd5 12. Be3 Qa5 13. Qd2 Nxe3 14. fxe3
Rb8 15. Rad1 Rd8 16. Qf2 f5 17. e4 Qb6 18. e5 Bd7 19. Rfe1 Bf8 20. g4 Bc6 21.
gxf5 gxf5 22. Re3 Bxg2 23. Rg3+ Kh8 24. Kxg2 Be7 25. Qd2 Rg8 26. Kh3 Rxg3+ 27.
hxg3 Rg8 28. d5 exd5 29. Nxd5 Qg6 30. Qe1 Qh6+ 31. Kg2 Bh4 32. Rd3 f4 33. e6
Qg7 34. Nxf4 Qxb2+ 35. Kh3 Qg7 36. Qe2 Be7 37. Nh5 Qa1 38. Kh2 Rc8 39. Rd1 Qc3
40. Rd7 Bg5 41. e7 1-0

[Event "Satka Autumn 2019"]
[Site "Satka"]
[Date "2019.09.19"]
[Round "1.16"]
[White "Kanter, Elizaveta"]
[Black "Trapeznikova, Darya"]
[Result "0-1"]
[WhiteElo "1291"]
[BlackElo "2085"]
[PlyCount "110"]
[EventDate "2019.09.19"]

1. e4 Nf6 2. e5 Nd5 3. d4 d6 4. Nf3 Bg4 5. h3 Bh5 6. Be2 Nc6 7. exd6 exd6 8. c4
Nb6 9. O-O Be7 10. d5 Bxf3 11. Bxf3 Ne5 12. b3 Bf6 13. Nc3 Nexc4 14. Re1+ Ne5
15. Bb2 O-O 16. Be4 Nbd7 17. Rc1 Ng6 18. Qh5 Nc5 19. Bb1 a5 20. g3 Re8 21. h4
b5 22. Qf5 b4 23. Rxe8+ Qxe8 24. Na4 Bxb2 25. Nxb2 Qe5 26. Qxe5 Nxe5 27. Na4
Ned7 28. Bf5 Nxa4 29. Rxc7 Nf6 30. bxa4 Nxd5 31. Rc2 Nc3 32. Bd7 Rd8 33. Bc6 d5
34. a3 d4 35. axb4 axb4 36. a5 d3 37. Rd2 Nb1 38. Rd1 d2 39. a6 Nc3 40. Rxd2
Rxd2 41. a7 Ra2 42. a8=Q+ Rxa8 43. Bxa8 b3 44. f3 b2 45. Be4 Nxe4 46. fxe4
b1=Q+ 47. Kf2 Qxe4 48. h5 g5 49. hxg6 hxg6 50. Kf1 Qc2 51. g4 f5 52. gxf5 gxf5
53. Ke1 f4 54. Kf1 f3 55. Kg1 Qg2# 0-1

[Event "Satka Autumn 2019"]
[Site "Satka"]
[Date "2019.09.19"]
[Round "1.17"]
[White "Mukhina, Jana"]
[Black "Sultanova, Kristina"]
[Result "1-0"]
[WhiteElo "2083"]
[BlackElo "1201"]
[PlyCount "73"]
[EventDate "2019.09.19"]

1. e4 c5 2. d3 Nc6 3. g3 d6 4. Bg2 g6 5. f4 Bg7 6. c3 Nf6 7. Nf3 Qc7 8. Na3 a6
9. Be3 b5 10. Nc2 Bb7 11. Nd2 Rd8 12. Qe2 e6 13. g4 Qe7 14. g5 Nd7 15. a3 d5
16. exd5 exd5 17. Bxd5 Nb6 18. Be4 O-O 19. Nb3 Nd7 20. Nd2 Nb6 21. Qf2 Nd7 22.
h4 Ba8 23. h5 Na5 24. Qh2 Bxe4 25. dxe4 Bh8 26. e5 Rde8 27. O-O-O Rc8 28. Ne4
Nc4 29. Nf6+ Nxf6 30. gxf6 Qc7 31. Rdg1 b4 32. Bxc5 Rfd8 33. axb4 Rd7 34. hxg6
fxg6 35. e6 Rd2 36. Rxg6+ Qg7 37. Qxh7# 1-0

[Event "Satka Autumn 2019"]
[Site "Satka"]
[Date "2019.09.19"]
[Round "1.18"]
[White "Shafikova, Irina"]
[Black "Turebayeva, Alfiya"]
[Result "0-1"]
[WhiteElo "1200"]
[BlackElo "2076"]
[PlyCount "52"]
[EventDate "2019.09.19"]

1. e4 c5 2. Nc3 Nc6 3. g3 g6 4. Bg2 Bg7 5. Nf3 Rb8 6. d3 b5 7. Bf4 d6 8. Qd2 b4
9. Nd5 e6 10. Ne3 Bxb2 11. Qd1 e5 12. Bg5 f6 13. Bxf6 Nxf6 14. Rb1 Bc3+ 15. Ke2
O-O 16. h4 Ng4 17. Qc1 Nd4+ 18. Kf1 Nxf3 19. Nxg4 Bxg4 20. Bxf3 Rxf3 21. Rb3
Qf6 22. Rh2 Rf8 23. Kg1 Rxf2 24. Qe3 Rf1+ 25. Kg2 Qf2+ 26. Qxf2 R8xf2# 0-1

[Event "Satka Autumn 2019"]
[Site "Satka"]
[Date "2019.09.19"]
[Round "1.19"]
[White "Eidelson, Rakhil"]
[Black "Donia, Anastasiia"]
[Result "1-0"]
[WhiteElo "2064"]
[BlackElo "1132"]
[PlyCount "37"]
[EventDate "2019.09.19"]

1. d4 g6 2. e4 Bg7 3. Nc3 Nf6 4. e5 Ng8 5. Bc4 d6 6. Nf3 dxe5 7. Nxe5 Be6 8.
Bxe6 fxe6 9. Qf3 Bxe5 10. dxe5 Nc6 11. O-O Qd4 12. Bf4 O-O-O 13. Rad1 Qb6 14.
Rxd8+ Nxd8 15. Rd1 Qxb2 16. Qd3 Nc6 17. Qd7+ Kb8 18. Qe8+ Nd8 19. Qxd8# 1-0

[Event "Satka Autumn 2019"]
[Site "Satka"]
[Date "2019.09.19"]
[Round "1.20"]
[White "Zaitseva, Arina"]
[Black "Dubnikova, Anastasia"]
[Result "0-1"]
[WhiteElo "1120"]
[BlackElo "2056"]
[PlyCount "94"]
[EventDate "2019.09.19"]

1. c4 Nf6 2. Nc3 e5 3. g3 Bc5 4. Bg2 O-O 5. d3 c6 6. Nf3 Re8 7. O-O Bf8 8. Bd2
h6 9. Rb1 d5 10. cxd5 cxd5 11. a3 Nc6 12. Ne1 Be6 13. Nc2 d4 14. Ne4 Nxe4 15.
Bxe4 f5 16. Bxc6 bxc6 17. Qc1 c5 18. b4 c4 19. dxc4 Bxc4 20. Re1 Rc8 21. Qd1
Bxe2 22. Qxe2 d3 23. Qe3 Rxc2 24. Red1 Qd7 25. Be1 e4 26. Rd2 Rec8 27. Rxc2
Rxc2 28. Rc1 Re2 29. Qf4 d2 30. Bxd2 Qxd2 31. Qxd2 Rxd2 32. Rc7 Ra2 33. Rc3 a5
34. Rb3 a4 35. Rc3 Rb2 36. Rc1 Rb3 37. Ra1 Kf7 38. Kf1 Bd6 39. Ke2 Be5 40. Ra2
Ke6 41. Kd2 Kd5 42. Kc2 Kc4 43. h4 f4 44. g4 Bd4 45. Kc1 Rh3 46. Kd1 Bc3 47.
Ke2 Kb3 0-1

[Event "Satka Autumn 2019"]
[Site "Satka"]
[Date "2019.09.19"]
[Round "1.21"]
[White "Mar, Karmen"]
[Black "Zaitseva, Aleksandra"]
[Result "1-0"]
[WhiteElo "2026"]
[BlackElo "1041"]
[PlyCount "63"]
[EventDate "2019.09.19"]

1. e4 c6 2. d4 d5 3. Nc3 dxe4 4. Nxe4 Bf5 5. Ng3 Bg6 6. Bc4 e6 7. N1e2 h6 8.
O-O Nf6 9. f4 Bd6 10. f5 exf5 11. Nf4 Bxf4 12. Rxf4 O-O 13. Nxf5 Bxf5 14. Rxf5
b5 15. Bb3 a5 16. c3 a4 17. Bc2 Nbd7 18. Qf3 Rc8 19. Qh3 g6 20. Bxh6 Re8 21.
Rf3 Nh7 22. Raf1 Ndf6 23. Qg3 Rc7 24. Bf4 Rce7 25. Be5 Nh5 26. Qg4 Qd7 27. Bf5
Qd5 28. Bxg6 fxg6 29. Qxg6+ Ng7 30. Bxg7 Rd7 31. Be5+ Rg7 32. Qxg7# 1-0

[Event "Satka Autumn 2019"]
[Site "Satka"]
[Date "2019.09.20"]
[Round "2.13"]
[White "Loskutova, Viktoriya"]
[Black "Stroganova, Karina"]
[Result "1-0"]
[WhiteElo "2162"]
[BlackElo "1885"]
[PlyCount "57"]
[EventDate "2019.09.19"]

1. e4 g6 2. d4 Bg7 3. Nc3 d6 4. Be3 Nf6 5. f3 Nbd7 6. Qd2 a6 7. h4 h5 8. Nh3 b5
9. Ng5 Bb7 10. O-O-O Nb6 11. Bd3 Nfd7 12. Ne2 c5 13. c3 Nc4 14. Bxc4 bxc4 15.
Kb1 Bc6 16. dxc5 dxc5 17. Nf4 Rb8 18. Bxc5 Ba4 19. Ba3 Bxd1 20. Rxd1 Ne5 21.
Qc2 Qc8 22. Nd5 Nc6 23. Qa4 Rb5 24. Qxc4 O-O 25. Qxc6 Qxc6 26. Nxe7+ Kh8 27.
Nxc6 Re8 28. Nxf7+ Kh7 29. Nd6 1-0

[Event "Satka Autumn 2019"]
[Site "Satka"]
[Date "2019.09.20"]
[Round "2.14"]
[White "Semenova, Elena"]
[Black "Matsenko, Elena"]
[Result "1-0"]
[WhiteElo "2303"]
[BlackElo "1841"]
[PlyCount "107"]
[EventDate "2019.09.19"]

1. e4 c5 2. Nf3 Nc6 3. Bb5 e6 4. Bxc6 bxc6 5. d3 Ne7 6. b3 Ng6 7. h4 h5 8. e5
Be7 9. Nbd2 f6 10. Bb2 fxe5 11. Nxe5 Nxe5 12. Bxe5 Bf6 13. Nc4 Bxe5 14. Nxe5
Qf6 15. Nf3 d6 16. O-O e5 17. Ng5 Qf4 18. g3 Qg4 19. Qd2 O-O 20. Rae1 Bf5 21.
Qa5 Rfc8 22. Re3 Qb4 23. Qxb4 cxb4 24. f4 Bg4 25. fxe5 dxe5 26. Rxe5 Re8 27.
Rfe1 Rxe5 28. Rxe5 Kf8 29. Rc5 Rc8 30. Ne4 Ke7 31. Rg5 Kf8 32. Kf2 Rc7 33. Ke3
Ke8 34. Re5+ Kd8 35. Rc5 Kc8 36. Rc4 a5 37. Rc5 Kb7 38. Rxa5 Kb6 39. Ra8 c5 40.
Rd8 Kb5 41. Rd5 Kb6 42. Re5 Ra7 43. Rxc5 Rxa2 44. Rc4 Ka5 45. Rc6 Kb5 46. Rc7
Kb6 47. Rc4 Ka5 48. Nd6 Ra1 49. Rc6 Re1+ 50. Kd4 Be6 51. Ne4 Bg4 52. Kc4 Bf3
53. c3 Bxe4 54. cxb4# 1-0

[Event "Satka Autumn 2019"]
[Site "Satka"]
[Date "2019.09.20"]
[Round "2.15"]
[White "Svetlova, Ksenia"]
[Black "Lebedeva, Lubov E."]
[Result "1-0"]
[WhiteElo "1875"]
[BlackElo "1802"]
[PlyCount "63"]
[EventDate "2019.09.19"]

1. e4 e5 2. Nf3 Nf6 3. Nxe5 d6 4. Nf3 Nxe4 5. Nc3 Nxc3 6. dxc3 Nc6 7. Bf4 Be7
8. Qd2 Be6 9. O-O-O Bf6 10. Kb1 Qd7 11. h3 a6 12. Nd4 O-O-O 13. Be2 Kb8 14.
Rhe1 Ne5 15. Nxe6 Qxe6 16. Qd4 Ng6 17. Qb4 a5 18. Qa4 Qf5 19. Be3 Ne7 20. Bg4
Qg6 21. Qxa5 Nc6 22. Qa4 Bg5 23. f4 Bh4 24. Re2 d5 25. Bf3 Rd7 26. Bxd5 Rhd8
27. c4 Re7 28. Rd3 Rxe3 29. Rexe3 Ne7 30. Bxb7 Kxb7 31. Rxd8 Nc8 32. Rb3+ 1-0

[Event "Satka Autumn 2019"]
[Site "Satka"]
[Date "2019.09.20"]
[Round "2.16"]
[White "Zyapaeva, Polina"]
[Black "Kanter, Elizaveta"]
[Result "1-0"]
[WhiteElo "1808"]
[BlackElo "1291"]
[PlyCount "39"]
[EventDate "2019.09.19"]

1. e4 d5 2. exd5 Nf6 3. Nf3 Bg4 4. Be2 Qxd5 5. d4 Nc6 6. c4 Qh5 7. O-O O-O-O 8.
Be3 e5 9. h3 Bxf3 10. Bxf3 Qh4 11. d5 Qxc4 12. Nd2 Qa6 13. dxc6 bxc6 14. Qc2 c5
15. Rfc1 Qd6 16. Ne4 Nxe4 17. Qxe4 Be7 18. Rd1 Qb6 19. Qa8+ Qb8 20. Bb7# 1-0

[Event "Satka Autumn 2019"]
[Site "Satka"]
[Date "2019.09.20"]
[Round "2.17"]
[White "Shamsutdinova, Karina"]
[Black "Shafikova, Irina"]
[Result "1-0"]
[WhiteElo "1747"]
[BlackElo "1200"]
[PlyCount "45"]
[EventDate "2019.09.19"]

1. d4 d5 2. c4 c6 3. Nc3 Nf6 4. Nf3 Bg4 5. Ne5 e6 6. cxd5 exd5 7. Nxg4 Nxg4 8.
e4 Bb4 9. Qxg4 O-O 10. e5 Re8 11. Be2 Nd7 12. O-O f6 13. f4 c5 14. Nxd5 Nxe5
15. fxe5 Qxd5 16. exf6 Kf7 17. Qxg7+ Ke6 18. Bg4+ Qf5 19. Bxf5+ Kd5 20. Qd7+
Kc4 21. b3+ Kc3 22. Rf3+ Re3 23. Rxe3# 1-0

[Event "Satka Autumn 2019"]
[Site "Satka"]
[Date "2019.09.20"]
[Round "2.18"]
[White "Sultanova, Kristina"]
[Black "Lebedeva, Ulyana"]
[Result "0-1"]
[WhiteElo "1201"]
[BlackElo "1660"]
[PlyCount "114"]
[EventDate "2019.09.19"]

1. c4 e5 2. Nc3 Nc6 3. g3 Nf6 4. Bg2 Bb4 5. e4 d6 6. Nge2 Be6 7. b3 Qd7 8. a3
Bxc3 9. Nxc3 Nd4 10. O-O O-O 11. d3 h6 12. f3 a6 13. Be3 b5 14. Bxd4 exd4 15.
Ne2 c5 16. g4 Rab8 17. Rb1 Qc7 18. h3 bxc4 19. dxc4 Qa5 20. a4 Rb4 21. Qc2 Rfb8
22. Rb2 Bxc4 23. Nc1 Bxf1 24. Bxf1 Qb6 25. Bc4 Rxa4 26. h4 Ra1 27. Kg2 d5 28.
exd5 Qd6 29. Nd3 Ra3 30. Qe2 Nxd5 31. Kh3 Ra1 32. Qe5 Qxe5 33. Nxe5 Rd8 34. Kg3
Kf8 35. Re2 a5 36. Nc6 Rd6 37. Ne5 Nc3 38. Rd2 f6 39. Ng6+ Ke8 40. Kf2 Rb1 41.
Nf4 Nd1+ 42. Ke2 Ne3 43. Bb5+ Kd8 44. Kf2 Rxb3 45. Bd3 a4 46. Bg6 a3 47. Ra2
Rb2+ 48. Rxb2 axb2 49. Bb1 c4 50. Ne2 Nd1+ 51. Ke1 Nc3 52. Bc2 Nxe2 53. Kxe2
d3+ 54. Bxd3 Rxd3 55. g5 b1=Q 56. gxf6 Qc2+ 57. Ke1 Rd1# 0-1

[Event "Satka Autumn 2019"]
[Site "Satka"]
[Date "2019.09.20"]
[Round "2.19"]
[White "Kalenichenko, Alina"]
[Black "Zaitseva, Arina"]
[Result "1-0"]
[WhiteElo "1597"]
[BlackElo "1120"]
[PlyCount "119"]
[EventDate "2019.09.19"]

1. d4 c6 2. c4 d5 3. cxd5 cxd5 4. Nc3 Nf6 5. Bf4 Bf5 6. Qb3 Nc6 7. e3 Qd7 8.
Nf3 e6 9. Ne5 Qc8 10. Nxc6 bxc6 11. Be2 Be7 12. O-O O-O 13. Rac1 Rb8 14. Bxb8
Qxb8 15. Qxb8 Rxb8 16. Na4 Rc8 17. Bb5 Ne4 18. Rxc6 Rb8 19. Ba6 Nd6 20. b3 g6
21. Nc5 Kg7 22. Rc7 Bf6 23. Rxa7 Nb5 24. Rb7 Rxb7 25. Bxb7 Nc3 26. a4 Ne2+ 27.
Kh1 Nc3 28. a5 Nb5 29. a6 Bd8 30. Ra1 Bb6 31. Nd7 Ba7 32. Ne5 Nc7 33. b4 Nb5
34. Nc6 Kf8 35. Nxa7 Nxa7 36. b5 Nxb5 37. a7 Nxa7 38. Rxa7 Kg7 39. h3 h5 40.
Kh2 Kf6 41. Bc6 Kg5 42. Rxf7 Kh4 43. f3 Kg5 44. e4 dxe4 45. fxe4 Bxe4 46. Bxe4
Kh4 47. Rf6 g5 48. Rxe6 g4 49. hxg4 hxg4 50. g3+ Kg5 51. Re8 Kf6 52. d5 Kf7 53.
Bg6+ Kxg6 54. d6 Kf7 55. d7 Kg7 56. d8=Q Kg6 57. Rf8 Kh6 58. Qf6+ Kh7 59. Rf7+
Kg8 60. Qg7# 1-0

[Event "Satka Autumn 2019"]
[Site "Satka"]
[Date "2019.09.20"]
[Round "2.20"]
[White "Donia, Anastasiia"]
[Black "Krylova, Mariya"]
[Result "0-1"]
[WhiteElo "1132"]
[BlackElo "1543"]
[PlyCount "116"]
[EventDate "2019.09.19"]

1. e4 c5 2. Nf3 d6 3. Bb5+ Bd7 4. Bxd7+ Nxd7 5. c4 Ngf6 6. Nc3 g6 7. O-O Bg7 8.
Re1 O-O 9. d4 cxd4 10. Nxd4 Ne5 11. b3 Nfd7 12. Bb2 Nc5 13. Re3 a5 14. Qe2 Nc6
15. Nxc6 bxc6 16. Rd1 a4 17. b4 Ne6 18. Nb1 Qb6 19. Bxg7 Kxg7 20. Qb2+ f6 21.
Nd2 Nd4 22. Nf3 Nxf3+ 23. Rxf3 c5 24. b5 Qb7 25. Re3 a3 26. Qd2 Ra4 27. Rc1 Rb4
28. Qd5 Qxd5 29. exd5 Kf7 30. Rxa3 Rb8 31. h3 Rb7 32. Ra5 e6 33. dxe6+ Kxe6 34.
Re1+ Kd7 35. Rc1 d5 36. cxd5 R4xb5 37. Rxb5 Rxb5 38. a4 Ra5 39. Rb1 Rxa4 40.
Rb6 Rd4 41. Rxf6 Rd1+ 42. Kh2 Rxd5 43. Rf3 c4 44. Rc3 Rc5 45. Kg1 Kc6 46. Kf1
Kb5 47. Ke2 Kb4 48. Kd2 Rd5+ 49. Kc2 Ra5 50. Re3 Ra2+ 51. Kb1 Rxf2 52. Re7 Rxg2
53. Rxh7 Kc3 54. Rf7 Rb2+ 55. Kc1 Rh2 56. Kb1 Rxh3 57. Ka2 Rh2+ 58. Kb1 g5 0-1

[Event "Satka Autumn 2019"]
[Site "Satka"]
[Date "2019.09.20"]
[Round "2.22"]
[White "Zaitseva, Aleksandra"]
[Black "Mirgalina, Anna"]
[Result "0-1"]
[WhiteElo "1041"]
[BlackElo "1473"]
[PlyCount "120"]
[EventDate "2019.09.19"]

1. c4 c5 2. Nc3 Nc6 3. g3 g6 4. Bg2 Bg7 5. Nf3 Nf6 6. d3 O-O 7. O-O e6 8. Bg5
h6 9. Be3 b6 10. Qc1 Kh7 11. d4 cxd4 12. Nxd4 Bb7 13. Rd1 Rc8 14. Nxc6 Bxc6 15.
Bxc6 Rxc6 16. b3 Qe7 17. Rb1 Rfc8 18. Nb5 d5 19. Qa3 Qxa3 20. Nxa3 dxc4 21.
Nxc4 Nd5 22. Bd4 Bxd4 23. Rxd4 Kg7 24. Kg2 b5 25. Ne5 Rc2 26. e4 Nf6 27. a4 a6
28. axb5 axb5 29. Nd3 Rd2 30. e5 Nd5 31. Rb2 Rd1 32. Kf3 g5 33. Ke4 Rd8 34. f4
g4 35. h3 gxh3 36. Rh2 Rc8 37. Rxh3 Rc3 38. g4 Rxb3 39. f5 Rc3 40. f6+ Kg8 41.
Rxh6 Re1+ 42. Kf3 Re3+ 43. Kf2 Rexd3 44. Rxd3 Rxd3 45. g5 Nf4 46. Rh1 b4 47.
Rb1 b3 48. Rb2 Ng6 49. Ke2 Nxe5 50. Kf2 Nc4 51. Rb1 Rd2+ 52. Ke1 b2 53. Kf1 Rc2
54. Rxb2 Rxb2 55. Ke1 Kh7 56. Kf1 e5 57. Ke1 e4 58. Kd1 e3 59. Ke1 Ne5 60. Kf1
Nf3 0-1

[Event "Satka Autumn 2019"]
[Site "Satka"]
[Date "2019.09.21"]
[Round "3.6"]
[White "Petrenko, Svetlana"]
[Black "Semenova, Elena"]
[Result "1/2-1/2"]
[WhiteElo "2200"]
[BlackElo "2303"]
[PlyCount "103"]
[EventDate "2019.09.19"]

1. e4 e5 2. Nf3 Nc6 3. Bb5 a6 4. Ba4 Nf6 5. O-O b5 6. Bb3 Bc5 7. Qe2 O-O 8. c3
d5 9. exd5 Nxd5 10. Nxe5 Nf4 11. Qe4 Nxe5 12. d4 Bb7 13. Qxf4 Ng6 14. Qg4 Be7
15. g3 c5 16. Be3 Kh8 17. Qf5 Qc7 18. Nd2 Rad8 19. f3 Bc8 20. Qh5 f5 21. f4 Bb7
22. Nf3 Qc6 23. Rae1 a5 24. a3 b4 25. d5 Qb6 26. axb4 Bxd5 27. Bxd5 Rxd5 28.
bxa5 Qxb2 29. c4 Rd3 30. Bf2 Qc3 31. Ne5 Nxe5 32. Rxe5 Bf6 33. Re8 Rd8 34.
Rxf8+ Rxf8 35. Qxf5 Qxa5 36. Qxc5 Qxc5 37. Bxc5 Rc8 38. Re1 h6 39. Bf2 Rxc4 40.
Re8+ Kh7 41. Kg2 Kg6 42. h3 h5 43. Kf3 Rc3+ 44. Re3 Rxe3+ 45. Bxe3 Kf5 46. g4+
hxg4+ 47. hxg4+ Ke6 48. Ke4 g6 49. Bd4 Bd8 50. Be5 Be7 51. Bb8 Bf6 52. Ba7
1/2-1/2

[Event "Satka Autumn 2019"]
[Site "Satka"]
[Date "2019.09.21"]
[Round "3.13"]
[White "Mirgalina, Anna"]
[Black "Turebayeva, Alfiya"]
[Result "0-1"]
[WhiteElo "1473"]
[BlackElo "2076"]
[PlyCount "80"]
[EventDate "2019.09.19"]

1. e4 e5 2. Nf3 Nc6 3. Bb5 Nf6 4. d3 d6 5. c3 g6 6. O-O Bg7 7. Re1 O-O 8. h3
Bd7 9. d4 Nxd4 10. Nxd4 exd4 11. Bxd7 Nxd7 12. cxd4 Qf6 13. d5 Rfe8 14. Nc3 Nc5
15. Qc2 Qh4 16. Be3 b6 17. f3 Be5 18. Rad1 a5 19. Nb5 Re7 20. Nd4 Bf4 21. Nc6
Ree8 22. Qf2 Bg3 23. Qd2 Bxe1 24. Rxe1 f5 25. Bg5 Qh5 26. Kh2 h6 27. Bxh6 fxe4
28. g4 Qh4 29. g5 exf3 30. Ne7+ Kh7 31. Qc2 Nd3 32. Nxg6 Qf2+ 33. Qxf2 Nxf2 34.
Rxe8 Rxe8 35. Nf8+ Kg8 36. Ne6 Nd3 37. g6 c6 38. Bd2 cxd5 39. Nd4 f2 40. Kg2
Re1 0-1

[Event "Satka Autumn 2019"]
[Site "Satka"]
[Date "2019.09.21"]
[Round "3.14"]
[White "Telelyukhina, Elizaveta"]
[Black "Dubnikova, Anastasia"]
[Result "0-1"]
[WhiteElo "1445"]
[BlackElo "2056"]
[PlyCount "42"]
[EventDate "2019.09.19"]

1. e4 e6 2. d4 d5 3. Nd2 Nf6 4. Bd3 c5 5. c3 Nc6 6. Ngf3 cxd4 7. cxd4 Bb4 8. e5
Ne4 9. O-O f5 10. exf6 Nxf6 11. a3 Bd6 12. Re1 O-O 13. Nf1 Bd7 14. Bc2 Qc7 15.
Qd3 Rac8 16. Re2 Ne4 17. Ng5 Nxd4 18. Qxd4 Bc5 19. Qd3 Rxf2 20. Be3 Rxe2 21.
Nxe4 Rxc2 0-1

[Event "Satka Autumn 2019"]
[Site "Satka"]
[Date "2019.09.21"]
[Round "3.15"]
[White "Mirzaeva, Gulnara"]
[Black "Kulkova, Dina"]
[Result "1-0"]
[WhiteElo "1936"]
[BlackElo "1424"]
[PlyCount "81"]
[EventDate "2019.09.19"]

1. e4 c5 2. Nf3 e6 3. d4 cxd4 4. Nxd4 Nf6 5. Nc3 d6 6. Be3 a6 7. f4 Qc7 8. Qf3
Be7 9. O-O-O Nc6 10. g4 Nxd4 11. Bxd4 e5 12. fxe5 dxe5 13. Qg3 Bd6 14. Bf2 Bxg4
15. Bb5+ Kf8 16. Rd3 Rc8 17. Ba4 Be6 18. Rhd1 Be7 19. Nd5 Bxd5 20. exd5 Ne4 21.
d6 Bxd6 22. Qf3 Nxf2 23. Rc3 Qb8 24. Rxc8+ Qxc8 25. Rxd6 Ng4 26. Qd3 Ke7 27.
Rd7+ Kf6 28. Qf3+ Kg5 29. Rxf7 g6 30. h3 Nh6 31. Qg3+ Ng4 32. hxg4 Qe6 33. Bb3
Qd6 34. Qe3+ Kxg4 35. Qf3+ Kh4 36. Qf2+ Kg4 37. Rf3 Kg5 38. Qe3+ Kh5 39. Bc4
Qd4 40. Rh3+ Kg4 41. Be6# 1-0

[Event "Satka Autumn 2019"]
[Site "Satka"]
[Date "2019.09.21"]
[Round "3.16"]
[White "Stroganova, Karina"]
[Black "Sogoyan, Milena"]
[Result "1-0"]
[WhiteElo "1885"]
[BlackElo "1361"]
[PlyCount "117"]
[EventDate "2019.09.19"]

1. d4 Nf6 2. Nf3 g6 3. Bf4 Bg7 4. e3 O-O 5. Be2 d6 6. h3 c5 7. c3 Qb6 8. Na3
Be6 9. Qc1 Nc6 10. Nc4 Bxc4 11. Bxc4 cxd4 12. exd4 Rac8 13. Be3 Qa5 14. Bb3 Nb4
15. O-O Nbd5 16. Bd2 Ne4 17. Bh6 Ndf6 18. Re1 b5 19. Nh4 b4 20. Bxg7 Kxg7 21.
f3 Ng3 22. Kh2 bxc3 23. bxc3 Rxc3 24. Qd2 Rc5 25. Qxa5 Rxa5 26. Kxg3 Nh5+ 27.
Kf2 Nf4 28. Rxe7 g5 29. g3 Nxh3+ 30. Kg2 Nf4+ 31. gxf4 gxh4 32. Kh3 Kf6 33. Rd7
Kf5 34. Rxd6 Kxf4 35. Rf6+ Ke3 36. d5 Rb8 37. d6 Rxb3 38. Re1+ Kf2 39. Rd1 Rb8
40. d7 Rd8 41. Rxf7 Rxa2 42. Re7 Re2 43. Rxh7 Kxf3 44. Rf7+ Ke3 45. Rd6 a5 46.
Re7+ Kf2 47. Rf7+ Ke1 48. Rc6 Rd2 49. Rc1+ Ke2 50. Re7+ Kf2 51. Rc5 Rd3+ 52.
Kxh4 Rh8+ 53. Kg5 Rg3+ 54. Kf6 Rf8+ 55. Ke6 Re3+ 56. Re5 Rb3 57. Re8 Rb8 58.
Rxf8+ Rxf8 59. Rf5+ 1-0

[Event "Satka Autumn 2019"]
[Site "Satka"]
[Date "2019.09.21"]
[Round "3.17"]
[White "Skobochkina, Maria"]
[Black "Svetlova, Ksenia"]
[Result "0-1"]
[WhiteElo "1432"]
[BlackElo "1875"]
[PlyCount "54"]
[EventDate "2019.09.19"]

1. e4 c5 2. Nf3 Nc6 3. d4 cxd4 4. Nxd4 g6 5. Nc3 Bg7 6. Be3 Nf6 7. f3 O-O 8.
Qd2 d5 9. exd5 Nxd5 10. Nxd5 Qxd5 11. Nxc6 Qxc6 12. O-O-O Be6 13. a3 b5 14. g4
b4 15. axb4 Qa4 16. Qe2 Rfd8 17. Rxd8+ Rxd8 18. Qa6 Bxb2+ 19. Kxb2 Qxb4+ 20.
Kc1 Qe1+ 21. Kb2 Rb8+ 22. Bb5 Qxe3 23. Ra1 Qe5+ 24. c3 Rxb5+ 25. Kc2 Bb3+ 26.
Kd2 Rd5+ 27. Kc1 Qxc3+ 0-1